000 00333nam a2200133 i 4500
001 bg
100 1 _aKRAKOWIAK, S.
245 0 _aProjektowanie wiejskich sieci i instalacji elektrycznych /
_cS. Krakowiak.
260 _aWarszawa,
_c1967.
040 _cBPK
041 _apol
942 _cKS
008 s pl f |000 0 pol
999 _c4770
_d4770
856 _uhttp://koha.tu.koszalin.pl/cgi-bin/koha/opac-detail.pl?biblionumber=4770
_yKatalog online BPK